| 000 | 00667nam a22002057a 4500 | ||
|---|---|---|---|
| 999 |
_c12155 _d12155 |
||
| 003 | AR-CdUCM | ||
| 008 | 190408b ||||| |||| 00| 0 eng d | ||
| 040 |
_aMUNICIPALIDAD PROVINCIAL DEL CUSCO _cBIBLIOTECA MUNICIPAL DEL CUSCO |
||
| 082 |
_aES / 895.1 / _bM512 |
||
| 100 |
_aMeihua, Yan _929854 |
||
| 245 | _aTrappet at white tiger sanctum / | ||
| 260 |
_aBeijing : _bZhaohua, _c1982. |
||
| 300 |
_a114 páginas ; _bIlustraciones, dibujos, _c20 cm. |
||
| 505 | _aContenido:Historia china. | ||
| 650 |
_aHistoria china _929855 |
||
| 650 |
_aTradición de China _929856 |
||
| 650 |
_aSignificado del Tigre _929857 |
||
| 942 |
_2ddc _cLIBROS |
||
| 945 |
_adavv _d08/04/2019 |
||